00401cam a2200157ua 45000010005000000080039000050200018000440400009000620820008000711000022000792450057001012600039001583000010001976530022002076530014002295945131029n ii |||gr||||Z||||||eng a0 85226 727 4 cMAIN a9401 aSen,S.N,eAuthor.11aEurope And The World : b1763-1945 / cby S.N Sen .  aNew Delhi:bWiley Eastern Limited. a206p. aHistory of Europe a1763-1945